000 00428nab a2200145Ia 4500
003 ES-SlBCS
005 20210601133745.0
008 140529s1995 xxu||||| |||| 00| 0 por d
041 _apor
100 1 _aAraújo, Cícero
_9209308
245 0 2 _aA Moral Humeana em Contexto
_c Cícero Araújo
600 1 _aHume, David-Moral
_9135469
773 0 _tEducaçao e Filosofia
_gvol. 9, nº. 18, 1995, págs. 45-58
_wRev1534
942 _cAR
999 _c601620
_d601620